| 000 | 00532nam a2200193 a 4500 | ||
|---|---|---|---|
| 001 | 3279 | ||
| 003 | CDMR | ||
| 005 | 20151030104202.0 | ||
| 008 | 130130s1971||||||||||||||||||||||||||||d | ||
| 040 |
_aCDMR _bcat _cCDMR |
||
| 100 | 1 |
_aBall, Raymond _92375 |
|
| 245 | 1 | 0 |
_aPédagogie de la communication _cRaymond Ball |
| 260 |
_aParis _c1971 _bPresses Universitaires de France |
||
| 300 | _a123 p. | ||
| 490 |
_aInitiation Philosophique (SUP) _v96 |
||
| 650 | 0 | 4 |
_93131 _aOratòria |
| 650 | 0 | 4 |
_9388 _aComunicació humana |
| 942 |
_cMON _2udc |
||
| 999 |
_c3279 _d3279 |
||